| 000 | 00343nam a2200145Ia 4500 | ||
|---|---|---|---|
| 005 | 20251222152556.0 | ||
| 008 | 251222s9999||||xx |||||||||||||| ||spa|| | ||
| 020 | _a8422610701 | ||
| 082 | _a813.5/V35 | ||
| 100 | _aVasquez Figueroa, Alberto | ||
| 245 | 0 | _aAshanti | |
| 250 | _a1ra.ed. | ||
| 264 | _bCirculo de Lectores S.A. | ||
| 942 | _cLIB | ||
| 999 |
_c26444 _d26444 |
||